000 00329pab a2200157 454500
008 180718b2014 xxu||||| |||| 00| 0 eng d
100 _aPriyam, Manisha
245 _aPipe dreams
260 _c2014
300 _ap.23-27.
362 _aNov
650 _aUrbanization
773 _aSeminar
908 _aN
909 _a106239
999 _c106234
_d106234